| 000 | 01344nam a2200313 c 4500 | ||
|---|---|---|---|
| 003 | BLK | ||
| 005 | 20180422102159.0 | ||
| 008 | 180408b bul|||||r ||||||| ||bul|| | ||
| 010 | _aKNG00062480000 | ||
| 020 |
_a5-85270-032-0 _bиздат.: Сов. энциклопедия |
||
| 040 | _aBLK | ||
| 041 |
_aRUS _cRUS |
||
| 080 |
_aКласически митологии. Религии на Древна Гърция и Рим, етруска религия. Подразделя се като 291 _b292 _x(038) _z292(038) |
||
| 700 | 1 |
_aМилетинский, Е. М. _eглав. ред. _gМелетински, Елеазар Моисеевич _995764 |
|
| 700 | 1 |
_aМелетински, Елеазар Моисеевич _e* _9369667 |
|
| 139 |
_aМифологический словарь _bМ 72 |
||
| 245 | 1 | 0 |
_aМифологический словарь _cглав. ред. Е. М. Милетинский; * Елеазар Моисеевич Мелетински. |
| 260 |
_аМосква _bСов. энциклопедия _c1990 |
||
| 300 |
_a672 с. _c27 см |
||
| 380 | _a2 | ||
| 650 | 4 |
_aМитология _9162418 |
|
| 653 | _aмитове | ||
| 653 | _aречници | ||
| 852 | _aЦб ІІ 7485 | ||
| 856 | 4 |
_qpdf _u |
|
| 856 | 4 |
_qpdf _u |
|
| 942 |
_cKNG _n0 |
||
| 944 |
_aCR _c13.06.2004 _kЧиталня |
||
| 944 |
_aED _c16.11.2015 _kВаля_Йорданова |
||
| 999 |
_c58440 _d58440 |
||